000 00805cam a2200229 4500
001 WB3706-31
008 000000n2001 000 0 eng u
035 _a(Sirsi) u110843
245 _aBSE risk could be global
260 _c2001
490 _aFinancial Times
_v8 February 2001, 1, 11(2)
520 _aUN warns that BSE could spread to 100 countries outside western Europe due to meat and bone meal (MBM) exports during the 1980s. Countries likely to be at risk include Eqypt, Iran, Iraq and India which have established livestock industries and imported MBM from the UK during the 1980s.
590 _aWB
650 _aBSE
650 _aEUROPEAN UNION
650 _aMAD COW DISEASE
650 _aGLOBAL
650 _aEXPORTS
650 _aCATTLE
690 _aRural
_96268
942 _n0
999 _c66078
_d66078